000 00975am a2200313a 44500
003 AR-BaBNM
005 20251128203852.0
008 156119s1973 #AR|||||||||||000 | spa||
040 _cAR-BaBNM
100 1 _aKing, Edmund J.
245 1 0 _aLas necesidades de la sociedad moderna y la función del maestro
250 _a1ª ed.
260 _aBuenos Aires
_bEl Ateneo
_c1973
300 _ap. 3-29
_btablas
490 0 _aBiblioteca nuevas orientaciones de la educación. Problemática de la educación
504 _aBibliografía al final de cada capítulo
650 4 _aDOCENTES
650 4 _aROL DEL DOCENTE
650 4 _aACTITUD DEL DOCENTE
650 4 _aFORMACION DE DOCENTES
650 4 _aORIENTACION PEDAGOGICA DE DOCENTES
650 4 _aDESARROLLO DE LA EDUCACION
650 4 _aCURRICULO
650 4 _aPROCESO DE APRENDIZAJE
700 1 _aThomas, Juan Jorge
_etraductor
800 1 _aMarquez, Angel Diego
_edirector
942 _cBK
998 _cCarmen
999 _c5258
_d5258